Egy megkopott mesterség

Elmentve itt :
Bibliográfiai részletek
Szerző: Veress Miklós
Dokumentumtípus: Cikk
Megjelent: 1969-03-11
Sorozat:Délmagyarország 59 No. 58
Kulcsszavak:Kereskedelem Szeged 1969, belkereskedelem
Online Access:http://dmarchiv.bibl.u-szeged.hu/68878
LEADER 00470nab a2200157 i 4500
001 delm68878
005 20180927153702.0
008 180927s1969 hu o 0|| hun d
040 |a SZTE Délmagyarország Archívum  |b hun 
041 |a hun 
100 1 |a Veress Miklós 
245 1 0 |a Egy megkopott mesterség  |h [elektronikus dokumentum] /  |c  Veress Miklós 
260 |c 1969-03-11 
300 |a 3 
490 0 |a Délmagyarország  |v 59 No. 58 
695 |a Kereskedelem Szeged 1969, belkereskedelem